| 000 | 00852nam a22002417a 4500 | ||
|---|---|---|---|
| 003 | UA-OsUOA | ||
| 001 | 26388 | ||
| 007 | ta | ||
| 008 | 20040527b un ||||| |||| 00| 0 ukr d | ||
| 090 |
_a7.(477.82) _bВ67 |
||
| 942 | _cBK | ||
| 040 |
_aUA-OsUOA _bukr _cUA-OsUOA _dUA-OsUOA |
||
| 245 |
_aВолинська ікона: дослідження та реставрація. Матеріали X міжнародної наукової конференції, м. Луцьк, 17-19 вересня 2003 року _bнауковий збірник _cред. Є. І. Ковальчук |
||
| 300 | _a210 с. | ||
| 955 | _a1 | ||
| 041 | _aukr | ||
| 080 | _a7.(477.82) | ||
| 020 | _a966-517-412-6 | ||
| 260 |
_aЛуцьк _bНадстир'я _c2003 |
||
| 044 | _aUA | ||
| 650 | 7 |
_a7 Мистецтво. Ігри. Спорт. _2UDC |
|
| 999 |
_c312711 _d312711 |
||